Developing discourse comprehension : theory and practice
Αποθηκεύτηκε σε:
| Κύριος συγγραφέας: | |
|---|---|
| Μορφή: | Βιβλίο |
| Γλώσσα: | English |
| Δημοσίευση: |
Singapore :
Seameo Regional Language Centre,
1987
|
| Σειρά: | Occasional papers (Regional Language Centre)
; 43 |
| Θέματα: | |
| Ετικέτες: |
Προσθήκη ετικέτας
Δεν υπάρχουν, Καταχωρήστε ετικέτα πρώτοι!
|
MARC
| LEADER | 00000nam a2200000 i 4500 | ||
|---|---|---|---|
| 001 | 1/11037 | ||
| 008 | 000907s1987 eng d | ||
| 022 | |a 01298844 | ||
| 035 | |l 10063679 | ||
| 040 | |a GR-MY-UA |b gre |e aacr | ||
| 041 | 0 | |a eng | |
| 082 | 0 | |a 401.41 | |
| 100 | 1 | |a Nunan, David. | |
| 245 | 1 | 0 | |a Developing discourse comprehension : |b theory and practice / |c David Nunan |
| 260 | |a Singapore : |b Seameo Regional Language Centre, |c 1987 | ||
| 300 | |a 77 p.; |c 30 cm | ||
| 490 | 1 | |a Occasional papers |v ; 43 | |
| 650 | 0 | 0 | |a Discourse analysis. |
| 650 | 0 | 0 | |a Cohesion (Linguistics) |
| 830 | 0 | |a Occasional papers (Regional Language Centre) |v ; 43 | |
| 852 | |a INST |b RHODES |e 20000907 |h 401.41 NUN |p 005400008633 |q 005400008633 |t BK |y 0 | ||
| 909 | |a Ρ |b 007997 | ||
| 922 | |a 4ΕΛΗ |b 198708 | ||
| 970 | |z 2000/09/ΣΟΦΙΑ | ||